000 00293nam a2200133Ia 4500
008 191201s2008 xx 000 0 und d
100 _aMONAPPA, Arun
245 0 _aPersonnel Management
250 _aRep.
260 _aN.Delhi
_bTMH
_c2008
300 _a416
650 _aMBA
942 _2ddc
_cBK
999 _c3587
_d3587